00665nam a22002057a 450000500170000001000130001702000220003003500130005203700160006504000120008108200160009324501090010926000390021827000430025730000200030065000520032065000520037270000180042470000170044220170124110039.0 aA-779581 c00.00a8170234417 aA-779581 bCen Lib/Ret aDPLbEN a808.88bLIT aLiterature East and West :cedited by G. R. Taneja [and] Vinod Senabessays presented to R.K. Dasgupta / aNew DelhibAllied Publishersc1995 bNew Delhia13/14 Asaf Ali Roade110002 a280p.c23cm(Hb) aComparative literature -- Oriental and European aComparative literature -- European and Oriental aTaneja, G. R. a Sena, Vinod